00365nam a22001217a 450000500170000002000320001703500120004903700130006110000260007424500820010026000380018230000230022020120611124957.0 a8173712352cRs. 335.00(hbk) aB-28136 aDPLbENG aChristianson, Gale E. aGreenhouse :bThe 200-year story of global warming /cby Gale E. Christianson aHyderabadbUniversity Pressc1999 aix, 305p.c20 cms.